1391 1257 1425 1782 1194 1647 1438 1387 1840 1628 1589 1754 1598 1374 1451 1568 1776 1340 1848 1935 1901 1051 1769 1992 1974 1207 1055 1419 1549 1615 1661 1843 1007 1638 1304 1896 1154 1543 1386 1532 1153 1923 1700 1863 1135 1248 1661 1233 1273 1523 1444 1783 1366 1522 1860 1111 1793 1222 1376 1741 1562 1308 1080 1891 1412 1931 1832 1454 1038 1950 1029 1912 1094 1314 1218 1982 1044 1003 1831 1478 1307 1099 1122 1336 1530 1059 1346 1381 1105 1910 1751 1105 1180 1921 1002 1254 1808 1449 1908 BCNSPRNW ULIB Ver.6.0+V

เปลี่ยนเป็นภาษาไทย

Change to English
 แสดงรายละเอียดบรรณานุกรม
  กลับหน้าหลัก

Brief Record : Get Marc (ISO 2709) : E-mail record : QR code < ปิดหน้าต่าง
LEADER : 00000nam 2200000uu 4500
001    13399120331
003     ULIB
008    120918s2551||||th 000 0 tha d
020    ^a9789740518150
060 04 ^aWY157^bป621พ 2551
100 0  ^aปิยะนุช พรหมสาขา ณ สกลนคร
245 10 ^aพฤติกรรมส่งเสริมสุขภาพและการพยาบาลเพื่อการส่งเสริมสุขภาพหลังคลอด /^cปิยะนุช พรหมสามา ณ สกลนคร
250    ^aพิมพ์ครั้งที่ 1 (ฉบับปรับปรุง ครั้งที่ 2)
260    ^aอุดรธานี :^bโรงพิมพ์ศักดิ์ศรีอักษรการพิมพ์,^c2551
300    ^a96 หน้า ;^c29 ซม.
504    ^aมีบรรณานุกรมและดัชนี
650  7 ^aการส่งเสริมสุขภาพ
650  7 ^aการพยาบาลสูติศาสตร์
650  7 ^aการดูแลภายหลังคลอด
945    ^p90^l0^i15497
945    ^p90^l0^i15499
945    ^p90^l0^i15181
945    ^p90^l0^i15498
995    ^aวิภา
999 ^a ใช้งานได้ทุกระบบ
รายการนี้ยังไม่มีแท็ก
คุณยังไม่ได้ล็อกอิน คุณสามารถมีกิจกรรมร่วมกับเว็บไซต์ได้ แต่ต้องล็อกอินก่อน ::
  ล็อกอิน

รายการสื่อสารสนเทศ

ลำดับที่ ประเภท เลขเรียก/บาร์โค้ด สถานที่ สถานะ
1. วิทยาศาสตร์การแพทย์ และสุขภาพ
วิทยาศาสตร์การแพทย์ และสุขภาพ
WY157 ป621พ 2551  
  Barcode: 15497
ห้องสมุดวิทยาเขตนครสวรรค์
►ส่วนจัดเก็บหนังสือเก่า นว.
บนชั้น
  ขอยืม
2. วิทยาศาสตร์การแพทย์ และสุขภาพ
วิทยาศาสตร์การแพทย์ และสุขภาพ
WY157 ป621พ 2551 ฉ.2 
  Barcode: 15499
ห้องสมุดวิทยาเขตนครสวรรค์
►ส่วนจัดเก็บหนังสือเก่า นว.
บนชั้น
  ขอยืม
3. วิทยาศาสตร์การแพทย์ และสุขภาพ
วิทยาศาสตร์การแพทย์ และสุขภาพ
WY157 ป621พ 2551 ฉ.3 
  Barcode: 15181
ห้องสมุดวิทยาเขตสวรรค์ประชารักษ์
►หนังสือทั่วไป
บนชั้น
4. วิทยาศาสตร์การแพทย์ และสุขภาพ
วิทยาศาสตร์การแพทย์ และสุขภาพ
WY157 ป621พ 2551 ฉ.4 
  Barcode: 15498
ห้องสมุดวิทยาเขตสวรรค์ประชารักษ์
►ส่วนจัดเก็บหนังสือเก่า สปร
บนชั้น
  ขอยืม

รายการใกล้เคียง
    ผู้แต่ง [ปิยะนุช พรหมสาขา ณ สกลนคร]

    หัวเรื่อง [การส่งเสริมสุขภาพ]
    หัวเรื่อง [การพยาบาลสูติศาสตร์]
    หัวเรื่อง [การดูแลภายหลังคลอด]

BibComment


ยังไม่เคยถูกคอมเมนท์

คอมเมนท์ทรัพยากรรายการนี้
  คอมเมนท์: พฤติกรรมส่งเสริม..


 Copyright 2026. Bcnsprnw @Library